00373 a2200133 4500003000400000005001700004008004100021020001800062040000900080082001700089245008000106260004300186300001000229OSt20230912154512.0230912b |||||||| |||| 00| 0 eng d a9788178795690 coclc a613.7bRAM/H aHealth, exercise and fitness /cEdited & compiled by Dr. Briz Mohan T Raman aNew Delhi:bSports Publication,c2010. a285 p